| 000 | 00539nam a2200205Ia 4500 | ||
|---|---|---|---|
| 003 | OSt | ||
| 005 | 20230425110236.0 | ||
| 008 | 210423s2012 xx 000 0 und d | ||
| 020 | _a9788121905527 | ||
| 040 | _cAL | ||
| 041 | _aeng | ||
| 082 |
_a370.02 AGGR _223 |
||
| 100 |
_aAGGARWAL (R S ). _992209 |
||
| 245 | _aModern approach to verbal reasoning. | ||
| 260 |
_aNew Delhi _bS Chand & Company Ltd _c2012 |
||
| 300 |
_a752,1-224 _bPB |
||
| 365 |
_b415 _cINR |
||
| 906 | _aapproach ; Modern ; reasoning. ; verbal | ||
| 942 |
_2ddc _cBK |
||
| 999 |
_c161611 _d161611 |
||